000 00331nam a22001337a 4500
008 180306b xxu||||| |||| 00| 0 eng d
020 _a9780471149828
041 _aeng
080 _25th
_a9780471149828
100 _a25
101 _aEDU
245 _aMulticultural education issues and perspectives
_cBanks,J.A
942 _2udc
_cBK
999 _c44229
_d44229